00971nam a2200241 i 4500003000500000005001700005008004100022040002000063100004100083245008500124260007000209300001600279502010200295504004100397700003500438700003600473700003700509700003400546720003700580720004200617720003200659720003800691CSPC20240627162438.0210302s2020 ph a ab 000 0 eng d cCSPCaCSPCbeng aBoral, Ma. Kirsten Faye R.,eauthor.00aIOT-based rice crop monitoring systemcMa. Kirsten Faye R. Boral [and 4 others]. aNabua, Camarines Sur :bCamarines Sur Polytechnic Collegesc2020. a122 leaves. aUndergraduate Thesis (BSECE) - Electronics EngineeringcCamarines Sur Polytechnic Colleges, 2020. aIncludes bibliographical references. aDacles, Ella Mae Ll.,eauthor. aIlarde, Jarene Mae L.,eauthor. aLozano, Kyle Julius P.,eauthor. aSales, Christian C.,eauthor. aTerano, Harold Jan R.,eadviser. aBarbonio, Eugene P.,epanelist, chair aRomulo, Ruel R.,epanelist. aOares, Christopher T.,epanelist.